<?xml version="1.0" encoding="UTF-8"?><?xml-stylesheet type="text/xsl" href="static/style.xsl"?><OAI-PMH xmlns="http://www.openarchives.org/OAI/2.0/" xmlns:xsi="http://www.w3.org/2001/XMLSchema-instance" xsi:schemaLocation="http://www.openarchives.org/OAI/2.0/ http://www.openarchives.org/OAI/2.0/OAI-PMH.xsd"><responseDate>2026-04-13T02:57:35Z</responseDate><request verb="GetRecord" identifier="oai:www.recercat.cat:2117/192179" metadataPrefix="marc">https://recercat.cat/oai/request</request><GetRecord><record><header><identifier>oai:recercat.cat:2117/192179</identifier><datestamp>2025-07-23T07:23:16Z</datestamp><setSpec>com_2072_1033</setSpec><setSpec>col_2072_452951</setSpec></header><metadata><record xmlns="http://www.loc.gov/MARC21/slim" xmlns:dcterms="http://purl.org/dc/terms/" xmlns:xsi="http://www.w3.org/2001/XMLSchema-instance" xmlns:doc="http://www.lyncode.com/xoai" xsi:schemaLocation="http://www.loc.gov/MARC21/slim http://www.loc.gov/standards/marcxml/schema/MARC21slim.xsd">
   <leader>00925njm 22002777a 4500</leader>
   <datafield ind2=" " ind1=" " tag="042">
      <subfield code="a">dc</subfield>
   </datafield>
   <datafield ind2=" " ind1=" " tag="720">
      <subfield code="a">Martín González, Javier</subfield>
      <subfield code="e">author</subfield>
   </datafield>
   <datafield ind2=" " ind1=" " tag="260">
      <subfield code="c">2008-04</subfield>
   </datafield>
   <datafield ind2=" " ind1=" " tag="520">
      <subfield code="a">El presente proyecto, trata sobre la adecuación de la carretera BV-2412, la cual une los núcleos urbanos de Les Gunyoles y Les Cabòries, ambos pertenecientes al termino municipal de Avinyonet del Penedés.&#xd;
Dicha adecuación consiste, en la ampliación del ancho de la calzada, ya que en la actualidad es de poco más de 4 metros, con un arcén casi inexistente, inferior a 0,5 m., pasando a obtener una carretera con una calzada de 7 m. de ancho, un arcén de 0,75 m., introduciéndole unas cunetas, en ambos lados, para la canalización de las aguas superficiales, evitando de esta forma posibles acúmulos. En dicha carretera, nos encontramos un tráfico, aunque no es muy intenso, debido a que son pequeños núcleos urbanos, que no contienen una gran fuente de comercio, sino que son más bien núcleos residenciales, nos encontramos que en una serie de horas, es trafico es considerable, entrada y salidas de vehículos privados, vehículos comerciales y de reparto a lo largo de la mañana, que se encuentran con ciertos problemas al cruzarse, a causa de la estrechez de la vía.&#xd;
En este proyecto, diseñaremos una vía, que aunque une dos núcleos urbanos dentro del mismo término municipal, no se puede considerar una vía urbana, sino que la consideraremos una vía interurbana, por lo que aplicaremos lo que nos marca la normativa, la instrucción 3.1.- IC “Trazado y recomendaciones”; obteniendo así una vía con una velocidad máxima de 80 km/h, y en la cual se pueda circular con total seguridad, tanto para el paso de&#xd;
cualquier tipo de vehículo. Respetando en todo momento el medio que nos rodea, principalmente campos de cultivo, manteniendo los accesos a los mismos, y demás accesos existentes a lo largo del trayecto.</subfield>
   </datafield>
   <datafield tag="653" ind2=" " ind1=" ">
      <subfield code="a">Àrees temàtiques de la UPC::Enginyeria civil::Geomàtica</subfield>
   </datafield>
   <datafield tag="653" ind2=" " ind1=" ">
      <subfield code="a">Surveying</subfield>
   </datafield>
   <datafield tag="653" ind2=" " ind1=" ">
      <subfield code="a">Roads -- Drawings</subfield>
   </datafield>
   <datafield tag="653" ind2=" " ind1=" ">
      <subfield code="a">Topografia</subfield>
   </datafield>
   <datafield tag="653" ind2=" " ind1=" ">
      <subfield code="a">Carreteres -- Topografia -- Catalunya -- Avinyonet del Penedès</subfield>
   </datafield>
   <datafield tag="653" ind2=" " ind1=" ">
      <subfield code="a">Carreteres -- Traçat</subfield>
   </datafield>
   <datafield tag="653" ind2=" " ind1=" ">
      <subfield code="a">Carreteres -- Traçat -- Catalunya -- Avinyonet del Penedès</subfield>
   </datafield>
   <datafield ind2="0" ind1="0" tag="245">
      <subfield code="a">Proyecto de ampliación y refuerzo del firme de la carretera BV-2412</subfield>
   </datafield>
</record></metadata></record></GetRecord></OAI-PMH>